| 000 | 00959cad a22001935a 4500 | ||
|---|---|---|---|
| 001 | L153592 | ||
| 008 | 110808s2011 xxk 000 0 eng d | ||
| 035 | _a(Sirsi) u153592 | ||
| 041 | 0 | _aeng | |
| 100 | 1 | _aRobbins, Louisa | |
| 245 | 0 | 4 | _aThe true cost of valuing commercial property |
| 260 | _c2011 | ||
| 490 | 0 |
_aRICS Commercial Property Journal _vMay-June 2011, 24-25(2) |
|
| 520 | _aProperty investors and financial institutions have accused the surveying profession of overvaluation of properties backed by informal retrospective valuation reports. Commercial property valuation in particular has been the subject of many negligence claims which can be brought with such ease. Outlines some risk management tools to protect surveyors against negligence claims and assist in the surveyors'defence. | ||
| 590 | _aKA | ||
| 651 | 4 |
_aUnited Kingdom _y |
|
| 690 | _aPROPERTY-COMMERCIAL PROPERTY-COMMERCIAL PROPERTY VALUATION AND APPRAISAL | ||
| 942 | _n0 | ||
| 999 |
_c83331 _d83331 |
||